000 00602nam a2200145Ia 4500
999 _c27056
_d27056
041 _aEnglish
082 _aRP.0322
100 _aPatil, Laxman Hanmantrao
_uShivaji College, Udgir
245 4 _aThe social and economical changes in the life of below poverty level families due to golden jubilee rural self- employment policy in Maharashtra :
_bA case study /
_cLaxman Hanmantrao Patil
260 _aNew Delhi :
_bIndian Council of Social Science Research,
_c2015
300 _a107p
650 _aEmployment policies
_vSelf Employment Policies
_xIndia
_zMaharashtra
650 _aPoverty
942 _2ddc
_cRP